Years of historical events - Statistics

General Stats
  • This quiz has been taken 71 times
  • The average score is 21 of 58
Answer Stats
Event Answer % Correct
September 11 attacks, 2996 deaths 2001
78%
USA elects Donald Trump 2016
78%
First man (Armstrong) on the moon 1969
72%
Destruction of the Berlin Wall 1989
72%
Adolf Hitler takes power in Germany 1933
69%
Michael Jackson's Thriller 1982
69%
Adam Smith's Wealth of Nations 1776
67%
US declaration of independance 1776
67%
Start of the 4 year's american civil war 1861
67%
John F. Kennedy is elected in USA 1960
67%
Following the Watergate, Richard Nixon resigns his presidency 1974
67%
Start of the French revolution (Storming of the Bastille) 1789
61%
End of the Ottoman empire 1918
61%
Formation of Led Zeppelin 1968
61%
End of Slavery in the USA 1865
58%
Napoleon tries to invade Russia 1812
56%
Joseph Stalin takes power in USSR 1924
56%
Napoleon takes power in France 1804
53%
Start of the Vietnam War 1955
50%
Charles Darwin's On the origin of species 1859
42%
Independance of Quebec rejected by 59,5% in a referendum 1980
42%
First Viking settlement in North America 1000
39%
Birth of catholicism (branch of christianity) 1000
39%
Karl Marx's manifesto 1848
39%
Independance of Canada from the United Kingdom 1867
39%
Start of golden age in India 300
39%
Independance of Quebec rejected by 50,5% in a referendum 1995
36%
First trip of Cristobal Colon in America 1492
33%
Discovery of beer in Sumer, modern Irak -4000
33%
Invention of chess -600
33%
Birth of Islam 600
33%
Homer's Illiad -800
33%
End of the Eastern Roman Empire (conquest of Constantinople) 1453
31%
Birth of Judaism -2000
31%
Julius Caesar assassinated -44
31%
Start of the black plague (killing almost half of Europe) 1347
28%
End of the last glacial period -10000
25%
Parthian army takes back Mesopotamia, taking out the Seleucids -140
25%
Birth of agriculture -9000
22%
Start of neolithic period (i.e. start of voluntary agriculture) -9000
22%
Invention of printing press (circa) 1450
19%
Start of the construction of Barcelona's Sagrada familia 1882
17%
Start of the western roman Empire -27
17%
Birth of Wolfgang Amadeus Mozart 1756
14%
Start of the Paleolithic period (i.e. start of the use of tools) -3000000
14%
End of the Wwestern Roman Empire 476
14%
Invention of Tea (China) -2700
11%
Alexander the Great defeats the Persian army -330
11%
Invention of writing (and thus, start of history period) -3500
11%
Creation of the Earth -4500000000
11%
Big Bang -13700000000
8%
Birth of Marco Polo 1254
6%
Shakespeare's MacBeth 1627
6%
Construction of the Kheops pyramid (circa) -2560
6%
Christianity is legal in Europe by Constantine 1 313
6%
Attila starts to run the Hun empire 434
3%
Creation of the Solar System -4600000000
3%
Creation of the oldest business running (Hoshi Hostel) 718
0%
No matching quizzes found
Score Distribution
Percent of People with Each Score
Percentile by Number Answered
Your Score History
You have not taken this quiz